Administración de Operaciones. Toma de decisiones en la función de Operaciones

Bibliographic Details
Main Author: Schroeder, Roger G
Format: Section = Libro
Language:Undetermined
Spanish
Published: México McGrawHill 1992
Edition:3a. ed.
Subjects:
LEADER 00675nam a2200229Ia 4500
008 240830s9999 xx 000 0 und d
020 |a 970-10-0088-9 
040 |a CEDOC FIQ-RUSB / 658.5 S381 
041 |a spa 
082 |a 658.5 S381 
100 1 |a Schroeder, Roger G 
245 1 0 |a Administración de Operaciones. Toma de decisiones en la función de Operaciones 
250 |a 3a. ed. 
260 |a México  |b McGrawHill  |c 1992 
300 |a 855 p. :il. 
650 7 |a ADMINISTRACION DE OPERACIONES - CONCEPTOS 
650 7 |b  ESTRATEGIAS DE OPERACIONES 
650 7 |c  ADMINISTRACION - CALIDAD 
650 7 |d  ESTUDIO DE CASOS 
942 |c BK  |2 ddc 
991 |a TEXTO 
999 |c 13070